000 002600000a22000970004500
100 1 _aSmith, Gary V.
245 1 0 _aJob 4:18-21 : Is it Eliphaz's vision?
300 _aVol. 40, Num. 4 (Octubre, 1990), Páginas 453-463
773 0 _tVetus Testamentum
942 _cANA
999 _c57638
_d57638